00683nam a2200181 i 450000100060000000300090000600500170001500700030003200800410003510000400007624500600011626000730017630000220024971000590027185200320033099900170036295201220037929503ES-MaACL20230906154039.0t|030122s1972 sp ||||1| spa d1 aBarceló Matutano, Gabriel.92552013aEl dirigente del futuro / cGabriel Barceló Matutano. aMadrid : bAsociación para el Progreso de la Dirección, c[1972] a213 p. ; c23 cm.2 aAsociación para el Progreso de la Dirección.91775 aES-MaACLjC-42603 bR.81955 c29503d29503 00104070aATENEOMbATENEOMcDEPO2d2008-01-17eSCl0oC-42603p1030459r2023-02-23 00:00:00w2023-02-23yMONOGRAFIA